00606nam a2200193Ia 4500008004100000020001400041082001200055100001700067245002300084250000700107260004100114300003000155500000700185600003300192650001500225942000700240952015000247999001500397240925s9999 xx 000 0 und d a330312367 a823 MAY aMayle, Peter 2aA Year in Provence aNA aLondon:bSydney and Aucklandc,1989. axviii,204p.bNAfOriginal aNA aHumanities & Natural Science aLiterature cBK 001040708HUMaUITUbUITUd1995-06-01ePakistan American Commercialg339.03l1o823 MAYpQ0455r2026-06-11 13:40:38s2026-06-08w2024-09-25yBK c2954d2954